000 00284nam a22001337a 4500
008 170314b xxu||||| |||| 00| 0 eng d
020 _a9780876664957
041 _aeng
080 _a591
100 _a7
101 _aSHM
245 _aMARINE INVERTEBRATE
_cWAILS.J
942 _2udc
_cBK
999 _c7762
_d7762